000 01142nmm a2200337 a 4500
001 ocm000924452
003 TR-IsHL
005 20201028145156.0
008 150110s2012 tu tur
007 cr cn
020 _a9786055904555
035 _a924452
_b(N$T)
050 0 4 _aB434.A5
_bL35 2012
090 0 4 _aB434.A5
_bL35 2012
100 1 _aAristoteles
245 1 0 _aLambda: metafizik kitap 12, interlineer aktarım, bire bir ve Türkçe çeviri, Sinopsis ve sözlük, feksefe
_h[electronic resource] /
_cAristoteles ; Türkçesi Kaan H. Ökten, Gurur Sev ; editör Kaan Özkan
260 _aİstanbul :
_bNotos Kitap Yayınevi,
_c2012
300 _a257 p.
500 _aKaynakça var.
_x
650 4 _aFelsefe, Psikoloji ve Din
650 4 _aPhilosophy, Psychology and Religion
650 0 _aMetafizik
650 0 _aMetaphysics
650 0 _aPhiosophy
650 0 _aFelsefe
650 7 _aPHILOSOPHY / Metaphysics
_2bisacsh
700 1 _aÖkten, Kaan H.
700 1 _aSev, Gurur
700 1 _aÖzkan, Kaan
856 4 0 _uhttp://search.ebscohost.com/login.aspx?direct=true&scope=site&db=e011xww&AN=924452
999 _c9819
_d9819